Country Shapes hidden on the Cinema Screen (#QCCMovie) - Statistics

General Stats
  • This quiz has been taken 250 times
  • The average score is 7 of 10
Answers on the Map
Answers color-coded by a green-red scale on the quiz's map according to % correct below.
 
Answer Stats
Answer % Correct
France
93%
Mexico
91%
Uzbekistan
82%
Vietnam
82%
India
76%
Sudan
68%
Zimbabwe
64%
Peru
60%
Saudi Arabia
55%
Azerbaijan
25%
No matching quizzes found
Score Distribution
Percent of People with Each Score
Percentile by Number Answered
Your Score History
You have not taken this quiz